Legacies for the future : (Record no. 352388)

000 -LEADER
fixed length control field 01027 a2200289 4500
003 - CONTROL NUMBER IDENTIFIER
control field OSt
005 - DATE AND TIME OF LATEST TRANSACTION
control field 20180116192333.0
008 - FIXED-LENGTH DATA ELEMENTS--GENERAL INFORMATION
fixed length control field 120209t xxu||||| |||| 00| 0 eng d
010 ## - LIBRARY OF CONGRESS CONTROL NUMBER
LC control number 98061186
020 ## - INTERNATIONAL STANDARD BOOK NUMBER
International Standard Book Number 0500280878
020 ## - INTERNATIONAL STANDARD BOOK NUMBER
International Standard Book Number 9780500280874
035 ## - SYSTEM CONTROL NUMBER
System control number (DLC) 98061186
035 ## - SYSTEM CONTROL NUMBER
System control number (OCoLC)41375989
040 ## - CATALOGING SOURCE
Transcribing agency 0
082 00 - DEWEY DECIMAL CLASSIFICATION NUMBER
Classification number 720.91767
245 00 - TITLE STATEMENT
Title Legacies for the future :
Remainder of title contemporary architecture in Islamic societies /
Statement of responsibility, etc. edited by Cynthia C. Davidson.
246 30 - VARYING FORM OF TITLE
Title proper/short title Contemporary architecture in Islamic societies
260 ## - PUBLICATION, DISTRIBUTION, ETC.
Place of publication, distribution, etc. New York, N.Y. :
Name of publisher, distributor, etc. Thames and Hudson,
Date of publication, distribution, etc. 1999.
300 ## - PHYSICAL DESCRIPTION
Extent 175 p. :
Other physical details ill., maps (chiefly col.) ;
Dimensions 28 cm.
500 ## - GENERAL NOTE
General note The Aga Khan Award for Architecture.
610 20 - SUBJECT ADDED ENTRY--CORPORATE NAME
Corporate name or jurisdiction name as entry element Aga Khan Award for Architecture (Organization)
650 #0 - SUBJECT ADDED ENTRY--TOPICAL TERM
Topical term or geographic name entry element Architecture
Geographic subdivision Asia
General subdivision History
Chronological subdivision 20th century.
650 #0 - SUBJECT ADDED ENTRY--TOPICAL TERM
Topical term or geographic name entry element Islamic architecture
Geographic subdivision Asia.
700 1# - ADDED ENTRY--PERSONAL NAME
Personal name Davidson, Cynthia C.
942 ## - ADDED ENTRY ELEMENTS (KOHA)
Institution code [OBSOLETE] SADA
Koha item type Book
Call number prefix 720.91767 LEG 1999
Source of classification or shelving scheme
Holdings
Withdrawn status Lost status Source of classification or shelving scheme Damaged status Not for loan Permanent Location Current Location Date acquired Total Checkouts Total Renewals Full call number Barcode Date last seen Date last checked out Cost, replacement price Price effective from Koha item type
          School of Art Design and Architecture (SADA) School of Art Design and Architecture (SADA) 08/31/2010 6 3 720.91767 LEG 1999 SADA0000087 03/24/2016 03/10/2016 1832.00 08/05/2011 Book
© 2023 Central Library, National University of Sciences and Technology. All Rights Reserved.